000 00641nam a2200229 a 4500
001 000042299
005 20201002040050.0
008 131122s1997 sp 000 f spa d
020 _a8401385644
040 _aDO-SdBNP
_bspa
_cBNPHU
082 _axxx
_bE859a, 1997
100 1 _aLucía Etxebarría,
_d1966-
_969349
245 1 0 _aAmor, curiosidad, prozac y dudas /
_cLucía Etxebarría.
250 _a5a ed.
260 _aEspaña :
_bPlaza y Janés,
_c1997.
300 _a270 p. ;
_c22 cm.
490 1 _aAve fénix
490 1 _aMayor
_v64
590 _aInventariado, 2019/BT
830 0 _aAve fenix
_924167
830 0 _aMayor
_n64
_969350
999 _c41788
_d41788